书目信息 |
| 题名: |
好简单!我是阿拉伯语入门学习书
|
|
| 作者: | 林夏梨 编著 | |
| 分册: | ||
| 出版信息: | 北京 中国纺织出版社 2018.10 |
|
| 页数: | 320页 | |
| 开本: | 21cm | |
| 丛书名: | ||
| 单 册: | ||
| 中图分类: | H37 | |
| 科图分类: | ||
| 主题词: | 阿拉伯语--自学参考资料 | |
| 电子资源: | ||
| ISBN: | 978-7-5180-4922-6 | |
| 000 | 00746nam0 2200229 450 | |
| 001 | 5005 | |
| 005 | 20181013171631.65 | |
| 010 | @a978-7-5180-4922-6@dCNY58.00 | |
| 100 | @a20180714d2018 em y0chiy50 ea | |
| 101 | 0 | @achi@aara |
| 102 | @aCN@b110000 | |
| 105 | @aa z 000yy | |
| 200 | 1 | @a好简单!我是阿拉伯语入门学习书@9hao jian dan!wo shi a la bo yu ru men xue xi shu@f林夏梨编著 |
| 210 | @a北京@c中国纺织出版社@d2018.10 | |
| 215 | @a320页@c图@d21cm | |
| 300 | @a毕昂小语种 105 | |
| 330 | @a本书从零开始,内容从基础字母入门,到日常生活、青春校园、职场风云、特色文化等均有涉及。 | |
| 606 | 0 | @a阿拉伯语@j自学参考资料 |
| 690 | @aH37@v5 | |
| 701 | 0 | @a林夏梨@9lin xia li@4编著 |
| 801 | 0 | @aCN@b91MARC@c20180714 |
| 905 | @aMuseLib@dH37@e4 | |
| 好简单!我是阿拉伯语入门学习书/林夏梨编著.-北京:中国纺织出版社,2018.10 |
| 320页:图;21cm |
| 毕昂小语种 105 |
| ISBN 978-7-5180-4922-6:CNY58.00 |
| 本书从零开始,内容从基础字母入门,到日常生活、青春校园、职场风云、特色文化等均有涉及。 |
| ● |
| 相关链接 |
|
|
|
|
正题名:好简单!我是阿拉伯语入门学习书
索取号:H37/4
 
预约/预借
| 序号 | 登录号 | 条形码 | 馆藏地/架位号 | 状态 | 备注 |
| 1 | 1127689 | 211276894 | 第二样本阅览室/ [索取号:H37/4] | 在馆 | |
| 2 | 1127690 | 211276901 | 密集书库—外国语学院/ [索取号:H37/4] | 在馆 | |
| 3 | 1127691 | 211276910 | 第四借阅区/ [索取号:H37/4] | 在馆 | |
| 4 | 1127692 | 211276929 | 第四借阅区/ [索取号:H37/4] | 在馆 | |
| 5 | 1127693 | 211276938 | 第四借阅区/ [索取号:H37/4] | 在馆 |